=LDR 00000nam 2200000 4500 =001 INLIS000000000005067 =005 20251008083731 =035 ##$$a 0010-1025000122 =007 ta =008 251008###########################0#ind## =082 ##$$a 305.4206 =084 ##$$a 305.4206 BAD l =100 #$$a Badan Koordinasi Keluarga Berencana Nasional =245 1#$$a LAPORAN KONFERENSI DUNIA KE4 TENTANG WANITA /$c Badan Koordinasi Keluarga Berencana Nasional =260 ##$$a Beijing :$b Badan Koordinasi Keluarga Berencana Nasional,$c 1995 =300 ##$$a 17 Hal : $b ilus ; $c 21 =650 #4$$a Keluarga Berencana =856 ##$$a Perpustakaan Kemendukbangga